| 000 | 00453cam a2200193ua 4500 | ||
|---|---|---|---|
| 020 | _cRs 2.50 | ||
| 041 |
_aeng _h |
||
| 082 |
_a530 _bSUN/GE |
||
| 100 | _aSundara Rajan, S . | ||
| 245 |
_aGeneral physics / _cS Sundara Rajan. _hTextual Documents |
||
| 250 |
_a1 / _b. |
||
| 260 |
_aChennai : _bS.Viswanathan , _c1958. |
||
| 300 | _a105 ; . | ||
| 365 | _aRs 2.50 | ||
| 504 | _a | ||
| 650 | _aPhysics | ||
| 942 | _cBK | ||
| 999 |
_c253 _d253 |
||